000 00328nam a22001457a 4500
008 210603b ||||| |||| 00| 0 eng d
020 _a9780130873040
041 _aeng
080 _29th
_a510
082 _a510
100 _a36
101 _aMAT
245 _aCalculus and Its Applications
_cGoldstein,L.J
942 _2udc
_cBK
999 _c57940
_d57940